Очищение огнем; Очищение огнем; Вальс Мефисто; За кроваво-красной дверью
| Outros autores: | , |
|---|---|
| Summary: | Этой книгой мы открываем для Вас новую серию, в которую войдут лучшие образцы детективного жанра. В первом выпуске Вы можете ознакомиться с тремя захватывающими мистическими триллерами. Ужас, мистика, детектив, «крутой» сюжет — все это ждет Вас в сборнике "Очищение огнем". |
| Idioma: | ruso |
| Publicado: |
Москва, Вече, 1993
|
| TOC: | П. Андреотта, Очищение огнем; Ф. Стюард, Вальс Мефисто; Л. Камерон, За кроваво-красной дверью; |
| Subjects: | |
| Formato: | Libro |
| KOHA link: | https://koha.lib.tpu.ru/cgi-bin/koha/opac-detail.pl?biblionumber=242507 |
MARC
| LEADER | 00000nam0a2200000 4500 | ||
|---|---|---|---|
| 001 | 242507 | ||
| 005 | 20231101231912.0 | ||
| 010 | |a 5714101316 | ||
| 035 | |a (RuTPU)RU\TPU\book\263824 | ||
| 090 | |a 242507 | ||
| 100 | |a 20130904d1993 m y0engy50 ca | ||
| 101 | 2 | |a rus | |
| 102 | |a RU | ||
| 105 | |a y z 000ay | ||
| 200 | 1 | |a Очищение огнем |f под ред. И. Д. Молчанова ; худож. С. П. Атрощенко | |
| 210 | |a Москва |c Вече |d 1993 | ||
| 215 | |a 512 с. | ||
| 330 | |a Этой книгой мы открываем для Вас новую серию, в которую войдут лучшие образцы детективного жанра. В первом выпуске Вы можете ознакомиться с тремя захватывающими мистическими триллерами. Ужас, мистика, детектив, «крутой» сюжет — все это ждет Вас в сборнике "Очищение огнем". | ||
| 464 | |t Очищение огнем |f П. Андреотта | ||
| 464 | |t Вальс Мефисто |f Ф. Стюард | ||
| 464 | |t За кроваво-красной дверью |f Л. Камерон | ||
| 606 | 1 | |a Американская литература (англо-язычная литература) |2 stltpush |3 (RuTPU)RU\TPU\subj\28887 |9 52349 | |
| 610 | 1 | |a зарубежная литература | |
| 610 | 1 | |a триллеры | |
| 610 | 1 | |a мистика | |
| 610 | 1 | |a детективы | |
| 675 | |a 82 |v 3 | ||
| 702 | 1 | |a Молчанова |b И. Д. |g Ирина Давидовна |4 340 | |
| 702 | 1 | |a Атрощенко |b С. П. |g Сергей Петрович |4 440 | |
| 801 | 1 | |a RU |b 63413507 |c 20130904 | |
| 801 | 2 | |a RU |b 63413507 |c 20220112 |g RCR | |
| 942 | |c BK | ||